| 000 | 00715nam a22002057a 4500 | ||
|---|---|---|---|
| 005 | 20251127141648.0 | ||
| 008 | 251112b |||||||| |||| 00| 0 eng d | ||
| 020 | _a9789719655404 | ||
| 082 | _aDFil 371.102 Sa715 2024 | ||
| 100 |
_aSarandi, Darwin S. _969347 |
||
| 245 |
_aThe teaching profession in the 21st century / _cDarwin S. Sarandi and Michael R. Babao. |
||
| 250 | _aRevised edition. | ||
| 260 |
_aManila : _bMindshapers Co., Inc., _c©2024. |
||
| 300 |
_ax, 142 pages : _billustrations ; _c24 cm. |
||
| 500 | _aIncludes bibliographical information. | ||
| 650 | 0 |
_aTeaching as a profession. _969410 |
|
| 650 | 0 |
_aMentoring. _969411 |
|
| 700 |
_aBabao, Michael R. _969348 _eauthor. |
||
| 942 |
_2ddc _cDFIL |
||
| 999 |
_c24194 _d24194 |
||